000 00460nam a2200157 4500
001 122364
003 ES-MaACL
005 20250904063056.0
007 t|
008 070214s1920 sp r ||||1| spa d
100 1 _aPrieto Pazos, Faustino,
_d1861-
_993938
245 1 0 _aOrganización municipal de Melilla
_b: ponencia /
_cFaustino Prieto Pazos.
260 _aMadrid :
_b[s. n.],
_c1920.
852 _aES-MaACL
_j1593-F-15
999 _c122364
_d122364